[Event "40 Obert Ciutat de Badalona 2014 B"]
[Site "Badalona ESP"]
[Date "2014.08.04"]
[Round "3.2"]
[White "Martinez Perez, Pablo"]
[Black "Pla Carulla, Joaquim"]
[Result "1/2-1/2"]
[WhiteElo "1964"]
[BlackElo "2065"]
[PlyCount "70"]
[EventDate "2014.08.02"]
[EventType "swiss"]
[EventRounds "9"]
[EventCountry "ESP"]
[Source "lmi"]
[SourceDate "2014.08.02"]

1. e4 e5 2. Nf3 d6 3. d4 exd4 4. Nxd4 Nf6 5. Nc3 g6 6. Bg5 Bg7 7. Qd2 O-O 8.
Bh6 Re8 9. O-O-O Nxe4 10. Nxe4 Rxe4 11. Bxg7 Kxg7 12. f3 Re5 13. Qc3 Kg8 14.
Nb5 Qg5+ 15. Kb1 Rc5 16. h4 Rxc3 17. hxg5 Rc6 18. Bd3 Bd7 19. Be4 Na6 20. Bxc6
Bxc6 21. Nd4 Bd7 22. Rh6 Kg7 23. Re1 Re8 24. Rxe8 Bxe8 25. Rh1 Bd7 26. Re1 Kf8
27. Re3 c5 28. Ne2 Nb4 29. Nf4 Bf5 30. Re2 a5 31. a3 Nc6 32. g4 Bd7 33. c3 Ne5
34. Nd5 Bc6 35. f4 Nxg4 1/2-1/2

[Event "40 Obert Ciutat de Badalona 2014 B"]
[Site "Badalona ESP"]
[Date "2014.08.04"]
[Round "3.3"]
[White "Ritter Aguilar, Jordi"]
[Black "Ferres Saez, Joan"]
[Result "0-1"]
[WhiteElo "2065"]
[BlackElo "1965"]
[PlyCount "68"]
[EventDate "2014.08.02"]
[EventType "swiss"]
[EventRounds "9"]
[EventCountry "ESP"]
[Source "lmi"]
[SourceDate "2014.08.02"]

1. c4 e5 2. Nc3 Nf6 3. g3 Bb4 4. d3 Bxc3+ 5. bxc3 O-O 6. Bg2 Nc6 7. d4 d6 8.
Nf3 h6 9. O-O e4 10. Ne1 Re8 11. Nc2 Na5 12. Ne3 Ng4 13. Qc2 Nxe3 14. fxe3 f5
15. Qa4 b6 16. c5 d5 17. Qc2 Nc4 18. Bh3 Rf8 19. Rf2 Qe7 20. Rb1 h5 21. Qa4 Be6
22. Ba3 h4 23. Rf4 b5 24. Qb3 c6 25. Bc1 hxg3 26. hxg3 Qg5 27. Kg2 Rf6 28. Qd1
Rh6 29. Qf1 g6 30. Qf2 Kg7 31. Kh2 Rah8 32. Rh4 Rxh4 33. gxh4 Rxh4 34. Qg3 Qh5
0-1

[Event "40 Obert Ciutat de Badalona 2014 B"]
[Site "Badalona ESP"]
[Date "2014.08.04"]
[Round "3.4"]
[White "Viñas Serrano, Jordi"]
[Black "Murat Huertas, Eduard"]
[Result "1/2-1/2"]
[WhiteElo "2026"]
[BlackElo "1952"]
[PlyCount "57"]
[EventDate "2014.08.02"]
[EventType "swiss"]
[EventRounds "9"]
[EventCountry "ESP"]
[Source "lmi"]
[SourceDate "2014.08.02"]

1. d4 Nf6 2. Nf3 g6 3. g3 d5 4. Bg2 Bg7 5. O-O c6 6. c4 O-O 7. Nc3 Bf5 8. Nh4
Be6 9. cxd5 Nxd5 10. e4 Nb6 11. Nf3 Na6 12. Be3 Bg4 13. h3 Bxf3 14. Bxf3 Nc4
15. Qe2 Nxe3 16. fxe3 e6 17. e5 Nb4 18. Ne4 Nd5 19. Rae1 h5 20. h4 Bh6 21. Qf2
b6 22. Nd6 Qe7 23. Bxd5 cxd5 24. Qf6 Qxf6 25. Rxf6 Bg7 26. Rf3 f6 27. exf6 Rxf6
28. Rxf6 Bxf6 29. Rc1 1/2-1/2

[Event "40 Obert Ciutat de Badalona 2014 B"]
[Site "Badalona ESP"]
[Date "2014.08.04"]
[Round "3.5"]
[White "Flores Liñan, Josep Luis"]
[Black "Baltasar Diaz, Vicente"]
[Result "1-0"]
[WhiteElo "2016"]
[BlackElo "1932"]
[PlyCount "77"]
[EventDate "2014.08.02"]
[EventType "swiss"]
[EventRounds "9"]
[EventCountry "ESP"]
[Source "lmi"]
[SourceDate "2014.08.02"]

1. d4 d5 2. Bg5 Nd7 3. e3 Ngf6 4. Nf3 e6 5. c4 c6 6. Bd3 Qa5+ 7. Nbd2 dxc4 8.
Bxc4 Ne4 9. Bf4 Nxd2 10. Nxd2 e5 11. dxe5 Nxe5 12. Bxe5 Qxe5 13. Qb3 Qf5 14.
O-O Qg6 15. Rad1 Bh3 16. Bxf7+ Qxf7 17. Qxf7+ Kxf7 18. gxh3 Rd8 19. Nf3 Be7 20.
Ne5+ Ke6 21. Nc4 Rhf8 22. Kg2 Rf5 23. Rxd8 Bxd8 24. Rd1 Rg5+ 25. Kf3 Rf5+ 26.
Ke4 Bc7 27. f4 Rh5 28. Rg1 g6 29. Rg3 Rc5 30. Kd4 Rd5+ 31. Ke4 Rc5 32. b3 b5
33. Nd2 Rc2 34. Nf3 Kf6 35. Nd4 Rxa2 36. Nxc6 a5 37. Rg5 a4 38. Rxb5 Ra3 39.
Nb4 1-0

[Event "40 Obert Ciutat de Badalona 2014 B"]
[Site "Badalona ESP"]
[Date "2014.08.04"]
[Round "3.7"]
[White "Franzoni Ladron De Guevara, Enrique"]
[Black "Hernando Rodrigo, Lourdes"]
[Result "1-0"]
[WhiteElo "2005"]
[BlackElo "1913"]
[PlyCount "63"]
[EventDate "2014.08.02"]
[EventType "swiss"]
[EventRounds "9"]
[EventCountry "ESP"]
[Source "lmi"]
[SourceDate "2014.08.02"]

1. e4 c5 2. Nf3 e6 3. d4 cxd4 4. Nxd4 a6 5. c4 Nf6 6. Nc3 Qc7 7. a3 Be7 8. Be3
O-O 9. Be2 d6 10. Rc1 Nbd7 11. O-O b6 12. b4 Bb7 13. f3 Rac8 14. Qd2 Ne5 15.
Rfd1 Nfd7 16. f4 Nc6 17. Nd5 exd5 18. cxd5 Ndb8 19. Nxc6 Bxc6 20. dxc6 Qa7 21.
Qd5 Rc7 22. e5 dxe5 23. fxe5 Rfc8 24. Bg4 Rf8 25. Rf1 Bd8 26. e6 Kh8 27. Rxf7
Rcxf7 28. exf7 Qc7 29. Be6 Be7 30. g3 Rd8 31. Bf4 Qa7 32. Qxd8+ 1-0

[Event "40 Obert Ciutat de Badalona 2014 B"]
[Site "Badalona ESP"]
[Date "2014.08.04"]
[Round "3.8"]
[White "Urrutia Mule, Oriol"]
[Black "Palacios Peña, Gerardo"]
[Result "1/2-1/2"]
[WhiteElo "1933"]
[BlackElo "1993"]
[PlyCount "49"]
[EventDate "2014.08.02"]
[EventType "swiss"]
[EventRounds "9"]
[EventCountry "ESP"]
[Source "lmi"]
[SourceDate "2014.08.02"]

1. e4 d5 2. exd5 Qxd5 3. Nc3 Qd6 4. d4 Nf6 5. Nf3 c6 6. g3 Bg4 7. Bg2 e6 8. O-O
Be7 9. Bf4 Qd8 10. Qd2 Nbd7 11. h3 Bh5 12. Rfe1 O-O 13. Ne2 Nd5 14. Nc1 Nxf4
15. Qxf4 Bg6 16. c3 Qb6 17. Qd2 Rad8 18. Nd3 h6 19. Nde5 Nxe5 20. Nxe5 Bh7 21.
Qe2 Bf6 22. Ng4 Be7 23. Ne5 Bf6 24. Ng4 Be7 25. Ne5 1/2-1/2

[Event "40 Obert Ciutat de Badalona 2014 B"]
[Site "Badalona ESP"]
[Date "2014.08.04"]
[Round "3.9"]
[White "Barragan Hernandez, Manel"]
[Black "Alves Garcia, Eric"]
[Result "1-0"]
[WhiteElo "1990"]
[BlackElo "1871"]
[PlyCount "127"]
[EventDate "2014.08.02"]
[EventType "swiss"]
[EventRounds "9"]
[EventCountry "ESP"]
[Source "lmi"]
[SourceDate "2014.08.02"]

1. Nf3 Nf6 2. c4 c5 3. Nc3 Nc6 4. g3 g6 5. Bg2 Bg7 6. O-O O-O 7. d3 d6 8. a3 e5
9. Rb1 a5 10. Bd2 Ne8 11. Nd5 f5 12. b4 axb4 13. axb4 cxb4 14. Nxb4 Bd7 15. Nd5
Bc8 16. Qb3 Kh8 17. c5 dxc5 18. Nb6 Rb8 19. Ng5 Qe7 20. Nxc8 Rxc8 21. Qxb7 Qxb7
22. Rxb7 Nd8 23. Ra7 h6 24. Nh3 Nd6 25. Rc1 g5 26. f4 gxf4 27. gxf4 e4 28. dxe4
fxe4 29. Rd7 N8f7 30. Bc3 c4 31. Nf2 Bxc3 32. Rxc3 Nb5 33. Rc1 e3 34. Ng4 c3
35. Nxe3 Nfd6 36. Nd5 Nc4 37. Ne7 Nb6 38. Ng6+ Kg8 39. Nxf8 Nxd7 40. Nxd7 Nd4
41. Kf2 c2 42. e3 Nb5 43. Be4 Na3 44. Ke2 Kg7 45. Nb6 Rb8 46. Rg1+ Kh8 47. Nd5
Rb1 48. Rxb1 cxb1=Q 49. Bxb1 Nxb1 50. e4 Na3 51. Kd3 Nb5 52. e5 Kg7 53. f5 Na7
54. e6 Nc6 55. f6+ Kf8 56. Ke4 h5 57. h4 Kg8 58. Nf4 Nb8 59. Nxh5 Na6 60. Ke5
Nc7 61. Kd6 Ne8+ 62. Ke7 Ng7 63. f7+ Kh7 64. Nxg7 1-0

[Event "40 Obert Ciutat de Badalona 2014 B"]
[Site "Badalona ESP"]
[Date "2014.08.04"]
[Round "3.10"]
[White "Quero Ortega, Joan"]
[Black "Maynat Diaz, Jose Antonio"]
[Result "0-1"]
[WhiteElo "1931"]
[BlackElo "1981"]
[PlyCount "150"]
[EventDate "2014.08.02"]
[EventType "swiss"]
[EventRounds "9"]
[EventCountry "ESP"]
[Source "lmi"]
[SourceDate "2014.08.02"]

1. e4 c5 2. Nf3 Nc6 3. Bb5 Qc7 4. O-O Nf6 5. Bxc6 bxc6 6. Nc3 Bb7 7. d4 e6 8.
Bg5 cxd4 9. Qxd4 Be7 10. e5 Nd5 11. Nxd5 cxd5 12. Bxe7 Kxe7 13. Rae1 Qc4 14.
Qd2 h6 15. Nd4 Rhc8 16. c3 Ba6 17. Re3 Rab8 18. f4 Rf8 19. f5 Qc5 20. f6+ gxf6
21. exf6+ Kd8 22. Qf2 Qd6 23. Rfe1 Rg8 24. b3 Rg6 25. g3 Kc7 26. a4 Rbg8 27.
Nb5+ Bxb5 28. axb5 h5 29. Kg2 h4 30. Ra1 Qb6 31. Ra6 Qb7 32. Qf4+ Kc8 33. Qd4
hxg3 34. Rxg3 Rxg3+ 35. hxg3 Qxb5 36. Rxa7 Qe2+ 37. Qf2 Qxf2+ 38. Kxf2 Rg6 39.
Kf3 Rxf6+ 40. Ke3 Rh6 41. Ra8+ Kc7 42. Ra7+ Kc6 43. Ra6+ Kb7 44. Rd6 Kc7 45.
Ra6 Rg6 46. Kf3 e5 47. Ra7+ Kc6 48. b4 e4+ 49. Kg2 Rg4 50. Ra5 f5 51. Kf2 d6
52. Ra6+ Kc7 53. Ra7+ Kb6 54. Ra5 Kc6 55. Ra6+ Kc7 56. Ra7+ Kb6 57. Ra5 Kc6 58.
Ra6+ Kd7 59. Ra7+ Ke6 60. b5 Rg8 61. b6 Rb8 62. b7 Kd7 63. Ke3 Kc7 64. Ra5 Kc6
65. Ra6+ Kc5 66. Ra5+ Kc4 67. Ra6 Rxb7 68. Rxd6 Rg7 69. Kf4 Rg4+ 70. Kxf5 Rxg3
71. Ke5 Kxc3 72. Rc6+ Kd2 73. Kxd5 e3 74. Ra6 Rg4 75. Ra2+ Ke1 0-1

[Event "40 Obert Ciutat de Badalona 2014 B"]
[Site "Badalona ESP"]
[Date "2014.08.05"]
[Round "4.1"]
[White "Maynat Diaz, Jose Antonio"]
[Black "Flores Liñan, Josep Luis"]
[Result "0-1"]
[WhiteElo "1981"]
[BlackElo "2016"]
[PlyCount "69"]
[EventDate "2014.08.02"]
[EventType "swiss"]
[EventRounds "9"]
[EventCountry "ESP"]
[Source "lmi"]
[SourceDate "2014.08.02"]

1. e4 c5 2. Nf3 d6 3. d4 cxd4 4. Bb5+ Bd7 5. Nxd4 g6 6. Bd2 Nf6 7. Qe2 Bg7 8.
Nc3 Nc6 9. Nxc6 Bxc6 10. Rd1 Nd7 11. Bxc6 bxc6 12. O-O O-O 13. Qc4 Qb6 14. Na4
Qb5 15. Qxb5 cxb5 16. Nc3 Rac8 17. Rc1 Nb6 18. Nd1 Na4 19. c3 Nc5 20. f3 Nd3
21. Rb1 Rc6 22. Ne3 e6 23. Rfd1 Rd8 24. Be1 Ne5 25. Bg3 Nc4 26. Nxc4 bxc4 27.
Bf2 a6 28. Bd4 d5 29. Bxg7 Kxg7 30. exd5 exd5 31. Rd2 Kf6 32. Re1 Rcd6 33. Kf2
d4 34. cxd4 Rxd4 35. Ree2 0-1

[Event "40 Obert Ciutat de Badalona 2014 B"]
[Site "Badalona ESP"]
[Date "2014.08.05"]
[Round "4.2"]
[White "Batista Perez, Carlos"]
[Black "Garcia Sanchez, Aitor"]
[Result "1-0"]
[WhiteElo "2008"]
[BlackElo "1967"]
[PlyCount "139"]
[EventDate "2014.08.02"]
[EventType "swiss"]
[EventRounds "9"]
[EventCountry "ESP"]
[Source "lmi"]
[SourceDate "2014.08.02"]

1. d4 g6 2. Nf3 Bg7 3. Bf4 c5 4. c3 Qb6 5. Qb3 Qxb3 6. axb3 d6 7. dxc5 dxc5 8.
Bxb8 Rxb8 9. Rxa7 Be6 10. Nbd2 b5 11. g3 b4 12. c4 Bxb2 13. Bg2 Bc3 14. O-O Bg4
15. Ne4 Bxf3 16. Bxf3 Bd4 17. e3 f5 18. Ng5 h6 19. Bc6+ Kf8 20. Ne6+ Kf7 21.
Bd5 Bc3 22. Nxc5+ Kg7 23. Bxg8 Rhxg8 24. Rxe7+ Kf8 25. Re6 Kf7 26. Rd1 Rgd8 27.
Red6 Ke7 28. Rxd8 Rxd8 29. Rxd8 Kxd8 30. Kf1 h5 31. Ke2 Ke7 32. Kd3 h4 33. gxh4
Bf6 34. Na6 Bxh4 35. Ke2 g5 36. Nxb4 g4 37. f3 Ke6 38. Nd3 Bd8 39. Kf2 Bc7 40.
Nf4+ Ke5 41. fxg4 fxg4 42. h3 gxh3 43. Nxh3 Ke4 44. Ke2 Bb6 45. Nf2+ Ke5 46.
Kd3 Ba5 47. Ne4 Be1 48. Nc3 Kd6 49. b4 Kc6 50. c5 Bf2 51. b5+ Kc7 52. Nd5+ Kc8
53. Kc4 Bg3 54. b6 Be5 55. c6 Bd6 56. Kb5 Kb8 57. Ka6 Ka8 58. c7 Bxc7 59. Nxc7+
Kb8 60. e4 Kc8 61. Ka7 Kd7 62. b7 Kc6 63. b8=Q Kc5 64. e5 Kc6 65. e6 Kd6 66.
Qd8+ Kc6 67. e7 Kc5 68. e8=Q Kb4 69. Qb5+ Kc3 70. Qdd3# 1-0

[Event "40 Obert Ciutat de Badalona 2014 B"]
[Site "Badalona ESP"]
[Date "2014.08.05"]
[Round "4.3"]
[White "Ferres Saez, Joan"]
[Black "Franzoni Ladron De Guevara, Enrique"]
[Result "1-0"]
[WhiteElo "1965"]
[BlackElo "2005"]
[PlyCount "59"]
[EventDate "2014.08.02"]
[EventType "swiss"]
[EventRounds "9"]
[EventCountry "ESP"]
[Source "lmi"]
[SourceDate "2014.08.02"]

1. e4 c5 2. Nc3 Nc6 3. f4 d6 4. Nf3 g6 5. Bb5 Bg7 6. Bxc6+ bxc6 7. O-O Nh6 8.
d3 O-O 9. Qe1 f5 10. e5 Rb8 11. Rb1 Ba6 12. Bd2 Qc7 13. Ng5 Bc8 14. e6 d5 15.
Na4 Qd6 16. b4 c4 17. dxc4 dxc4 18. Bc3 Bxc3 19. Qxc3 Ba6 20. Nc5 Bb7 21. Nd7
Ng4 22. Rbd1 Qc7 23. Nxf8 Rxf8 24. Rd7 Qb6+ 25. Qd4 Qxb4 26. c3 Qb2 27. Rxe7
Nf6 28. Nxh7 c5 29. Nxf6+ Rxf6 30. Rxb7 1-0

[Event "40 Obert Ciutat de Badalona 2014 B"]
[Site "Badalona ESP"]
[Date "2014.08.05"]
[Round "4.4"]
[White "Arribas Alvarez, Marti"]
[Black "Barragan Hernandez, Manel"]
[Result "1-0"]
[WhiteElo "1913"]
[BlackElo "1990"]
[PlyCount "93"]
[EventDate "2014.08.02"]
[EventType "swiss"]
[EventRounds "9"]
[EventCountry "ESP"]
[Source "lmi"]
[SourceDate "2014.08.02"]

1. e4 e5 2. Nf3 Nc6 3. Bb5 a6 4. Ba4 Nf6 5. d3 b5 6. Bb3 Be7 7. c3 O-O 8. O-O
d5 9. Qe2 dxe4 10. dxe4 Bb7 11. Rd1 Qc8 12. Bg5 Qg4 13. Nbd2 Rad8 14. h3 Qh5
15. Nf1 h6 16. Ng3 Qg6 17. Nf5 Bc5 18. Bxf6 Qxf6 19. Bd5 Rfe8 20. b4 Bf8 21.
Nh2 g6 22. Ng4 Qh8 23. Nh4 Rd6 24. Qf3 Re7 25. Bb3 Qg7 26. Rxd6 cxd6 27. Rd1
Rc7 28. Nf6+ Kh8 29. Ne8 Qh7 30. Nxc7 f5 31. Nd5 Ne7 32. Nxe7 Bxe7 33. Qg3 Bxh4
34. Qxh4 g5 35. Qh5 Bxe4 36. Qe8+ Kg7 37. Qf7+ Kh8 38. Qxh7+ Kxh7 39. Rxd6 Bb1
40. Rxa6 e4 41. Re6 h5 42. c4 f4 43. cxb5 g4 44. hxg4 hxg4 45. b6 g3 46. fxg3
fxg3 47. b7 1-0

[Event "40 Obert Ciutat de Badalona 2014 B"]
[Site "Badalona ESP"]
[Date "2014.08.05"]
[Round "4.5"]
[White "Pla Carulla, Joaquim"]
[Black "Urrutia Mule, Oriol"]
[Result "0-1"]
[WhiteElo "2065"]
[BlackElo "1933"]
[PlyCount "45"]
[EventDate "2014.08.02"]
[EventType "swiss"]
[EventRounds "9"]
[EventCountry "ESP"]
[Source "lmi"]
[SourceDate "2014.08.02"]

1. e4 c5 2. c4 Nc6 3. Nc3 g6 4. g3 Bg7 5. Bg2 d6 6. Nge2 e6 7. d3 Nge7 8. Be3
a6 9. Qd2 Rb8 10. Bh6 O-O 11. Bxg7 Kxg7 12. h4 b5 13. h5 Rh8 14. O-O-O h6 15.
hxg6 fxg6 16. Rh2 bxc4 17. dxc4 Ne5 18. b3 Nf7 19. f4 Qa5 20. Qb2 e5 21. Rf1
Nc6 22. fxe5 Ncxe5 23. Nd5 0-1

[Event "40 Obert Ciutat de Badalona 2014 B"]
[Site "Badalona ESP"]
[Date "2014.08.05"]
[Round "4.6"]
[White "Bru Gibert, Rafael"]
[Black "Martinez Perez, Pablo"]
[Result "1/2-1/2"]
[WhiteElo "2026"]
[BlackElo "1964"]
[PlyCount "41"]
[EventDate "2014.08.02"]
[EventType "swiss"]
[EventRounds "9"]
[EventCountry "ESP"]
[Source "lmi"]
[SourceDate "2014.08.02"]

1. e4 c5 2. d4 cxd4 3. c3 d3 4. Bxd3 d6 5. f4 g6 6. Nf3 Bg7 7. O-O Nf6 8. Be3
O-O 9. Na3 Nbd7 10. Qe2 Nc5 11. Bxc5 dxc5 12. Rad1 Qc7 13. f5 Bd7 14. Kh1 a6
15. Nc4 Rad8 16. Rfe1 b5 17. Ne3 Bc6 18. c4 bxc4 19. Bc2 Rxd1 20. Rxd1 Rd8 21.
Nd4 1/2-1/2

[Event "40 Obert Ciutat de Badalona 2014 B"]
[Site "Badalona ESP"]
[Date "2014.08.05"]
[Round "4.7"]
[White "Iglesias Fernandez, Luis"]
[Black "Viñas Serrano, Jordi"]
[Result "1-0"]
[WhiteElo "1844"]
[BlackElo "2026"]
[PlyCount "57"]
[EventDate "2014.08.02"]
[EventType "swiss"]
[EventRounds "9"]
[EventCountry "ESP"]
[Source "lmi"]
[SourceDate "2014.08.02"]

1. d4 Nf6 2. Bg5 g6 3. Bxf6 exf6 4. c4 Bg7 5. Nc3 O-O 6. g3 f5 7. Bg2 d6 8. e3
Nd7 9. Nge2 Nf6 10. O-O Re8 11. a4 c6 12. a5 Qc7 13. b4 Ne4 14. Qd3 Nxc3 15.
Nxc3 Bd7 16. a6 b6 17. Rfc1 Rac8 18. b5 Qd8 19. Rab1 h5 20. h4 Qf6 21. c5 f4
22. cxb6 axb6 23. bxc6 Bxc6 24. Bxc6 Rxc6 25. Nd5 Rxc1+ 26. Rxc1 Qd8 27. a7 Qa8
28. Nc7 Qc8 29. a8=Q 1-0

[Event "40 Obert Ciutat de Badalona 2014 B"]
[Site "Badalona ESP"]
[Date "2014.08.05"]
[Round "4.8"]
[White "Palacios Peña, Gerardo"]
[Black "Malassagne, Gabriel"]
[Result "1-0"]
[WhiteElo "1993"]
[BlackElo "1734"]
[PlyCount "117"]
[EventDate "2014.08.02"]
[EventType "swiss"]
[EventRounds "9"]
[EventCountry "ESP"]
[Source "lmi"]
[SourceDate "2014.08.02"]

1. d4 Nf6 2. Nf3 g6 3. c3 Bg7 4. Bf4 O-O 5. Nbd2 d5 6. e3 b6 7. Be2 Bb7 8. h3
c5 9. O-O Nc6 10. Ne5 Nd7 11. Nxd7 Qxd7 12. Nf3 f6 13. Qa4 e5 14. dxe5 fxe5 15.
Bg3 e4 16. Nh2 Ne5 17. Qxd7 Nxd7 18. Rad1 Rf7 19. Bg4 Nf6 20. Be6 Re8 21. Bxf7+
Kxf7 22. Ng4 Nxg4 23. hxg4 Ba6 24. Rfe1 Bc4 25. Rd2 a5 26. a3 a4 27. Red1 Be5
28. Bxe5 Rxe5 29. Kh2 Ke6 30. Kg3 Kf6 31. Rh1 Re7 32. Kf4 g5+ 33. Kg3 Kg6 34.
Re1 b5 35. f3 Re8 36. fxe4 Rxe4 37. Kf3 Bb3 38. Rf1 Re7 39. Rdf2 Bc4 40. Rh1
Rf7+ 41. Kg3 Re7 42. Re1 Rb7 43. e4 Re7 44. e5 Re6 45. Rf8 d4 46. cxd4 cxd4 47.
Rd8 d3 48. Kf3 Kf7 49. Ke4 Ke7 50. Rd4 Rh6 51. Kf5 Rg6 52. Rh1 Rg7 53. Rh6 Ba2
54. e6 Bb1 55. Ke5 Ke8 56. Kf6 Rc7 57. Rh1 Bc2 58. g3 Rc6 59. Rxh7 1-0

[Event "40 Obert Ciutat de Badalona 2014 B"]
[Site "Badalona ESP"]
[Date "2014.08.05"]
[Round "4.9"]
[White "Murat Huertas, Eduard"]
[Black "Arroyo Vega, Valenti"]
[Result "1-0"]
[WhiteElo "1952"]
[BlackElo "2084"]
[PlyCount "41"]
[EventDate "2014.08.02"]
[EventType "swiss"]
[EventRounds "9"]
[EventCountry "ESP"]
[Source "lmi"]
[SourceDate "2014.08.02"]

1. e4 c5 2. Nf3 d6 3. d4 cxd4 4. Nxd4 Nf6 5. Nc3 a6 6. f3 e5 7. Nb3 Be6 8. Be3
Be7 9. Qd2 Nbd7 10. O-O-O O-O 11. g4 b5 12. g5 b4 13. Ne2 Ne8 14. Kb1 a5 15. f4
exf4 16. Bxf4 Ne5 17. Ned4 Bd7 18. Nf5 Bxf5 19. exf5 Nf3 20. Qg2 Nxg5 21. h4
1-0

[Event "40 Obert Ciutat de Badalona 2014 B"]
[Site "Badalona ESP"]
[Date "2014.08.05"]
[Round "4.10"]
[White "Gonzalez Saguillo, Oriol"]
[Black "Lopez Atay, Diana Ruth"]
[Result "1-0"]
[WhiteElo "1932"]
[BlackElo "2076"]
[PlyCount "73"]
[EventDate "2014.08.02"]
[EventType "swiss"]
[EventRounds "9"]
[EventCountry "ESP"]
[Source "lmi"]
[SourceDate "2014.08.02"]

1. d4 Nf6 2. c4 e6 3. Nc3 Bb4 4. Qc2 b6 5. f3 c5 6. a3 Bxc3+ 7. Qxc3 d6 8. e4
Nbd7 9. Nh3 e5 10. d5 h6 11. Nf2 Nf8 12. b4 Ng6 13. Nd3 Nh5 14. Be2 Qh4+ 15.
Nf2 Qf6 16. Bd1 O-O 17. O-O Nhf4 18. Bxf4 Nxf4 19. Nd3 g5 20. bxc5 bxc5 21.
Nxf4 gxf4 22. Rb1 Kh8 23. Ba4 Ba6 24. Rf2 Rab8 25. Rfb2 Rxb2 26. Rxb2 Rg8 27.
Bd7 Qe7 28. Bf5 Qc7 29. Qb3 Qa5 30. Kf2 Qd8 31. Bh3 Qh4+ 32. Kf1 Bc8 33. Bxc8
Rxc8 34. Qb7 Rg8 35. Qxf7 Qxh2 36. Qf6+ Rg7 37. Rb8+ 1-0

[Event "40 Obert Ciutat de Badalona 2014 B"]
[Site "Badalona ESP"]
[Date "2014.08.06"]
[Round "5.1"]
[White "Flores Liñan, Josep Luis"]
[Black "Ferres Saez, Joan"]
[Result "1-0"]
[WhiteElo "2016"]
[BlackElo "1965"]
[PlyCount "89"]
[EventDate "2014.08.02"]
[EventType "swiss"]
[EventRounds "9"]
[EventCountry "ESP"]
[Source "lmi"]
[SourceDate "2014.08.02"]

1. d4 g6 2. c4 Nf6 3. d5 Bg7 4. Nc3 O-O 5. e4 d6 6. Nge2 Na6 7. Ng3 Nc5 8. Be2
h5 9. Qc2 h4 10. Nf1 h3 11. g3 c6 12. Rb1 a5 13. Be3 Nfxe4 14. Nxe4 Nxe4 15.
Bf3 cxd5 16. cxd5 Nf6 17. Rc1 Bf5 18. Qc7 Qe8 19. b3 Bd3 20. Bd2 Qb5 21. Ne3
Ne4 22. Bxe4 Bxe4 23. Rg1 Rfc8 24. Qxc8+ Rxc8 25. Rxc8+ Kh7 26. g4 Be5 27. f4
Bd4 28. Rg3 Bg2 29. g5 Bxe3 30. Bxe3 Qxd5 31. Rg4 f5 32. Rh4+ Kg7 33. Rch8 Kf7
34. R4h7+ Ke6 35. Re8 Qf3 36. Rexe7+ Kd5 37. Kd2 Bf1 38. Rh6 Qg2+ 39. Kc3 Qxh2
40. Rxg6 Qe2 41. Ree6 Qd3+ 42. Kb2 Qe2+ 43. Ka3 Qf3 44. Rxd6+ Ke4 45. Rge6# 1-0

[Event "40 Obert Ciutat de Badalona 2014 B"]
[Site "Badalona ESP"]
[Date "2014.08.06"]
[Round "5.3"]
[White "Iglesias Fernandez, Luis"]
[Black "Palacios Peña, Gerardo"]
[Result "1/2-1/2"]
[WhiteElo "1844"]
[BlackElo "1993"]
[PlyCount "170"]
[EventDate "2014.08.02"]
[EventType "swiss"]
[EventRounds "9"]
[EventCountry "ESP"]
[Source "lmi"]
[SourceDate "2014.08.02"]

1. e4 d5 2. exd5 Qxd5 3. Qf3 Qxf3 4. Nxf3 Bf5 5. d3 c6 6. Be3 Nd7 7. Nbd2 Ngf6
8. Nc4 Nd5 9. Bd2 N7b6 10. Nd4 Bg6 11. Ne5 e6 12. h4 Bd6 13. Nxg6 hxg6 14. Nb3
Be5 15. d4 Bf6 16. g3 Be7 17. c3 Nd7 18. Bg2 N7b6 19. O-O Nc4 20. Bc1 O-O 21.
Nd2 Nxd2 22. Bxd2 Rfd8 23. Rad1 Rac8 24. Rfe1 Bf6 25. Bg5 Rd7 26. Bxf6 gxf6 27.
Rd3 Rcd8 28. b4 Nb6 29. f4 a6 30. Bf3 Kg7 31. Kg2 Rh8 32. Kf2 Nd5 33. a4 Nb6
34. Bd1 Nc4 35. Bb3 Nd6 36. Kf3 Nf5 37. a5 Rhd8 38. Rdd1 Ne7 39. g4 f5 40. g5
Rh8 41. Kg3 Nd5 42. Rd3 Nc7 43. Rh1 Nd5 44. Bd1 Rdd8 45. h5 gxh5 46. Rxh5 Rxh5
47. Bxh5 Rh8 48. Bf3 f6 49. c4 Nc7 50. gxf6+ Kxf6 51. Rd1 Rd8 52. Kf2 Rh8 53.
Rh1 Rxh1 54. Bxh1 Kg6 55. Kg3 Ne8 56. b5 axb5 57. cxb5 cxb5 58. Bxb7 b4 59. a6
b3 60. a7 Nc7 61. Ba6 Kf6 62. Kf3 Ke7 63. Ke2 b2 64. Bd3 Kd6 65. Kd2 Kc6 66.
Kc2 Kb7 67. Kxb2 Nd5 68. Bc4 Nxf4 69. Kc3 Kxa7 70. Kd2 Nd5 71. Bxd5 exd5 72.
Ke3 Kb6 73. Kf4 Kc6 74. Kxf5 Kd6 75. Kf6 Kd7 76. Ke5 Ke7 77. Kxd5 Kd7 78. Ke5
Ke7 79. d5 Kd7 80. Ke4 Kd6 81. Kd4 Kd7 82. Kc5 Kc7 83. d6+ Kd7 84. Kd5 Kd8 85.
Kc5 Kd7 1/2-1/2

[Event "40 Obert Ciutat de Badalona 2014 B"]
[Site "Badalona ESP"]
[Date "2014.08.06"]
[Round "5.4"]
[White "Urrutia Mule, Oriol"]
[Black "Murat Huertas, Eduard"]
[Result "1-0"]
[WhiteElo "1933"]
[BlackElo "1952"]
[PlyCount "85"]
[EventDate "2014.08.02"]
[EventType "swiss"]
[EventRounds "9"]
[EventCountry "ESP"]
[Source "lmi"]
[SourceDate "2014.08.02"]

1. e4 c5 2. Nf3 g6 3. d4 cxd4 4. Nxd4 Nf6 5. Nc3 Nc6 6. Be3 Bg7 7. Be2 O-O 8.
O-O d5 9. exd5 Nxd5 10. Nxd5 Qxd5 11. Bf3 Qd6 12. Nxc6 bxc6 13. Qxd6 exd6 14.
Rad1 Ba6 15. Rfe1 Rfd8 16. b3 Bc3 17. Bd2 Bxd2 18. Rxd2 d5 19. Red1 Rdc8 20. g3
Kg7 21. Kg2 Rc7 22. Be2 Bb7 23. c4 dxc4 24. Bxc4 c5+ 25. Kf1 Bf3 26. Re1 a5 27.
Re3 Bg4 28. f3 Bh3+ 29. Kf2 Raa7 30. g4 Rd7 31. Rxd7 Rxd7 32. Kg3 Bg2 33. Kxg2
Rd2+ 34. Re2 Rxe2+ 35. Bxe2 g5 36. Kf2 Kf6 37. Ke3 Ke5 38. Bd3 h6 39. Be4 Kd6
40. Kd3 Kc7 41. Kc4 Kb6 42. Bd5 f6 43. Be4 1-0

[Event "40 Obert Ciutat de Badalona 2014 B"]
[Site "Badalona ESP"]
[Date "2014.08.06"]
[Round "5.5"]
[White "Peiron Lluch, Jose Daniel"]
[Black "Catarineu Navines, Federico"]
[Result "0-1"]
[WhiteElo "1990"]
[BlackElo "2075"]
[PlyCount "72"]
[EventDate "2014.08.02"]
[EventType "swiss"]
[EventRounds "9"]
[EventCountry "ESP"]
[Source "lmi"]
[SourceDate "2014.08.02"]

1. d4 Nf6 2. e3 d6 3. Bd3 g6 4. f4 Bg7 5. Nf3 Bg4 6. Nbd2 c6 7. O-O Na6 8. c3
Nc7 9. Qe1 Bxf3 10. Nxf3 d5 11. Ne5 Ne4 12. Bxe4 dxe4 13. c4 f6 14. Ng4 Qd7 15.
Nf2 f5 16. Bd2 O-O-O 17. Bc3 h6 18. b4 g5 19. fxg5 hxg5 20. Nh3 Bf6 21. Qf2 e6
22. Rfc1 Qh7 23. Qg3 g4 24. Nf2 Bh4 25. Qe5 Bxf2+ 26. Kxf2 Qxh2 27. d5 g3+ 28.
Qxg3 Qxg3+ 29. Kxg3 Rhg8+ 30. Kf2 exd5 31. c5 f4 32. exf4 d4 33. Be1 Rg4 34. g3
Rf8 35. Kf1 Nd5 36. Rc4 Ne3+ 0-1